Lista de participantes Efectos sociales de la crisis económica y las consecuencias para la política social (Junio 18-23 de 1984) /

El documento consiste en la lista de participantes del Seminario Internacional "Efectos sociales de la crisis económica y las consecuencias para la política social", realizado desde el 18-23 de Junio del 1984.

में बचाया:
ग्रंथसूची विवरण
निगमित लेखक: Fundación Friedrich Ebert
स्वरूप: मूलपाठ
भाषा:Spanish
प्रकाशित: Heredia, Costa Rica: Fundación Friedrich Ebert. CEDAL. Partido Liberación Nacional ; 1987.
विषय:
टैग: टैग जोड़ें
कोई टैग नहीं, इस रिकॉर्ड को टैग करने वाले पहले व्यक्ति बनें!

MARC

LEADER 00000 a a2200000 04500
001 21254
003 cru IIS
005 20230502151634.0
008 220711s1984 cr|||||| |||| 00| 0 spa d
020 |a [sin ISBN] 
040 |a Centro de Recursos para el Aprendizaje y la Investigación  |b español  |c cru IIS 
090 |a 02.02.01 E27e 
110 2 |9 3426  |a Fundación Friedrich Ebert 
245 |a Lista de participantes  |b Efectos sociales de la crisis económica y las consecuencias para la política social (Junio 18-23 de 1984) /  |c Fundación Friedrich Ebert. 
260 |a Heredia, Costa Rica:   |b Fundación Friedrich Ebert. CEDAL. Partido Liberación Nacional ;  |c 1987. 
300 |a 6 páginas 
520 3 |a El documento consiste en la lista de participantes del Seminario Internacional "Efectos sociales de la crisis económica y las consecuencias para la política social", realizado desde el 18-23 de Junio del 1984. 
650 0 0 |9 6343  |a CRISIS ECONOMICA 
650 0 0 |9 289  |a POLITICA SOCIAL  
650 0 0 |9 4112  |a LISTAS DE PARTICIPANTES  
852 1 1 |a 02.02.01 E27e 
942 |2 ddc  |c LI  |h 02.02.01 E27e  |k 02.02.01  |m  E27e  |6 020201_E27E 
999 |c 15473  |d 15473